| 000 | 00954cam a22002652 4500 | ||
|---|---|---|---|
| 001 | 0000009241 | ||
| 005 | 20151217152052.0 | ||
| 008 | 080915s xx 000 0 eng d | ||
| 020 |
_a0421722509 : _cKES 6300 |
||
| 040 |
_aKABU _cKABU |
||
| 100 | 1 |
_aDe Than, Claire. _@0000160365 |
|
| 245 | 1 | 0 |
_aInternational criminal law and human rights / _cClaire de Than and Edwin Shorts. |
| 260 |
_aLondon : _bSweet & Maxwell, _c2003. |
||
| 300 | _axlv, 550 p. | ||
| 650 | 0 |
_aOffenses against humanity. _@0000160366 |
|
| 650 | 0 |
_aHuman rights _xCriminal provisions. _@0000160367 |
|
| 700 | 1 |
_aShorts, Edwin. _@0000160368 |
|
| 852 | 1 | _9p4030 KES | |
| 852 | 1 | _9p4030 KES | |
| 852 | 1 | _9p4318.40 KES | |
| 908 | _a080915 | ||
| 950 | _@1 | ||
| 999 |
_c7845 _d7845 |
||